000 00245nam a2200097Ia 4500
008 190216s9999||||xx |||||||||||||| ||und||
100 _aProf.Vasudev
245 0 _aHindi-Hindi Kahani Aur Kahankar
260 _bMac Millian And Com. Ltd
942 _cBK
999 _c17515
_d17515